TWICE - Toutes les chansons - Statistiques

Statistiques générales
  • Ce quiz a été pris 78 fois
    55 depuis la dernière actualisation
  • Le résultat moyen est 82 sur 269
Statistiques - réponses
Hint Réponse % Correct
Twicetagram 1 Likey
88%
Merry & Happy 3 Likey
88%
YES or YES 1 YES or YES
85%
The year of "YES" 3 YES or YES
85%
FANCY YOU 1 FANCY
83%
STRATEGY 7 Strategy
83%
STRATEGY 1 Strategy (feat. Megan Thee Stallion)
83%
Twicecoaster: Lane 2 3 TT
83%
PAGE 2 1 CHEER UP
80%
The Story Begins 1 Like Ooh-Aah
80%
Formula of Love: O+T=<3 15 The Feels
80%
Feel Special 1 Feel Special
78%
SIGNAL 1 SIGNAL
78%
What is Love? 1 What is Love?
78%
Summer Nights 4 What is Love?
78%
Summer Nights 1 Dance The Night Away
76%
MORE & MORE 1 MORE & MORE
73%
Singles 2020 MORE & MORE (English Version)
73%
Taste of Love 1 Alcohol-Free
68%
BDZ 1 BDZ
68%
YES or YES 7 BDZ
68%
The year of "YES" 9 BDZ
68%
BDZ (Repackage) 2 BDZ
68%
Eyes Wide Open 1 I CAN'T STOP ME
68%
Hare Hare 1 Hare Hare
66%
DIVE 10 Hare Hare
66%
Hare Hare 3 Hare Hare (Instrumental)
66%
Twicecoaster: Lane 2 1 Knock Knock
66%
Formula of Love: O+T=<3 1 SCIENTIST
66%
Formula of Love: O+T=<3 16 SCIENTIST (R3HAB Remix)
66%
Formula of Love: O+T=<3 14 CANDY
63%
Singles 2021 CRY FOR ME
61%
Doughnut 1 Doughnut
59%
Celebrate 9 Doughnut
59%
Doughnut 3 Doughnut (Instrumental)
59%
Formula of Love: O+T=<3 2 MOONLIGHT
56%
READY TO BE 1 SET ME FREE
56%
READY TO BE 7 SET ME FREE (ENG)
56%
DIVE 2 DIVE
54%
Merry & Happy 1 Heart Shaker
54%
Singles 2022 Heart Shaker (GALATIKA * Holiday Remix)
54%
The Story Begins 5 Candy Boy
51%
Celebrate 1 Celebrate
51%
The Story Begins 2 Do It Again
51%
With You-th 1 I GOT YOU
51%
BDZ 4 L.O.V.E
51%
BDZ (Repackage) 5 L.O.V.E
51%
READY TO BE 2 MOONLIGHT SUNRISE
51%
BETWEEN 1 & 2 1 Talk that Talk
51%
Twicetagram 8 Look At Me
49%
Merry & Happy 10 Look At Me
49%
The Story Begins 4 Truth
46%
Eyes Wide Open 8 GO HARD
44%
The Story Begins 3 Going Crazy
44%
Merry & Happy 2 Merry & Happy
44%
With You-th 2 ONE SPARK
44%
PAGE 2 3 Touchdown
44%
Perfect Love 5 Kura Kura
41%
Singles 2021 Kura Kura
41%
The Story Begins 6 Like A Fool
41%
Feel Special 5 LOVE FOOLISH
41%
Eyes Wide Open 7 QUEEN
41%
Eyes Wide Open 3 UP NO MORE
41%
Formula of Love: O+T=<3 10 CACTUS
39%
BDZ 3 Candy Pop
39%
BDZ (Repackage) 4 Candy Pop
39%
Formula of Love: O+T=<3 7 LAST WALTZ
39%
Twicetagram 2 Turtle
39%
Merry & Happy 4 Turtle
39%
Eyes Wide Open 2 HELL IN HEAVEN
37%
What is Love? 3 HO!
37%
Summer Nights 6 HO!
37%
PAGE 2 2 Precious Love
37%
FANCY YOU 6 STRAWBERRY
37%
&TWICE 3 Breakthrough
34%
Feel Special 7 BREAKTHROUGH
34%
&TWICE (Repackage) 4 Breakthrough
34%
Formula of Love: O+T=<3 12 HELLO (NAYEON, MOMO, CHAEYOUNG)
34%
Perfect Love 1 Perfect Love
34%
Twicecoaster: Lane 1 3 Ponytail
34%
Twicecoaster: Lane 2 5 Ponytail
34%
Taste of Love 3 Scandal
34%
Twicecoaster: Lane 1 2 1 to 10
32%
Twicecoaster: Lane 2 4 1 to 10
32%
Twicetagram 7 24/7
32%
Merry & Happy 9 24/7
32%
Perfect Love 2 BETTER
32%
Singles 2020 BETTER
32%
&TWICE 1 Fake & True
32%
&TWICE (Repackage) 2 Fake & True
32%
FANCY YOU 4 HOT
32%
Twicecoaster: Lane 1 4 Jelly Jelly
32%
Twicecoaster: Lane 2 6 Jelly Jelly
32%
Twicecoaster: Lane 1 7 One In A Million
32%
Twicecoaster: Lane 2 9 One In A Million
32%
BDZ 2 One More Time
32%
BDZ (Repackage) 3 One More Time
32%
BETWEEN 1 & 2 2 Queen of Hearts
32%
Eyes Wide Open 12 SAY SOMETHING
32%
SIGNAL 2 THREE TIMES A DAY
32%
Feel Special 6 21:29
29%
Taste of Love 5 Baby Blue Love
29%
BETWEEN 1 & 2 3 Basics
29%
With You-th 5 BLOOM
29%
Perfect Love 4 Fanfare
29%
Singles 2020 Fanfare
29%
MORE & MORE 3 FIREWORK
29%
FANCY YOU 3 GIRLS LIKE US
29%
MORE & MORE 4 MAKE ME GO
29%
Feel Special 2 RAINBOW
29%
PAGE 2 4 Tuk Tok
29%
PAGE 2 5 Woohoo
29%
Formula of Love: O+T=<3 13 1, 3, 2 (JEONGYEON, MINA, TZUYU)
27%
Formula of Love: O+T=<3 4 CRUEL
27%
Formula of Love: O+T=<3 8 ESPRESSO
27%
Formula of Love: O+T=<3 3 ICON
27%
PAGE 2 6 My Headphones On
27%
MORE & MORE 2 OXYGEN
27%
Twicetagram 9 Rollin'
27%
Merry & Happy 11 Rollin'
27%
What is Love? 2 SWEET TALKER
27%
Summer Nights 5 SWEET TALKER
27%
Feel Special 4 TRICK IT
27%
READY TO BE 5 WALLFLOWER
27%
Eyes Wide Open 6 BELIEVER
24%
BDZ 8 BRAND NEW GIRL
24%
BDZ (Repackage) 9 BRAND NEW GIRL
24%
SIGNAL 5 EYES EYES EYES
24%
Taste of Love 2 First Time
24%
BETWEEN 1 & 2 6 Gone
24%
Twicetagram 13 Jaljayo Good Night
24%
Merry & Happy 15 Jaljayo Good Night
24%
Twicetagram 3 Missing U
24%
Merry & Happy 5 Missing U
24%
Twicecoaster: Lane 1 6 Next Page
24%
Twicecoaster: Lane 2 8 Next Page
24%
Twicecoaster: Lane 1 5 Pit-a-Pat
24%
Twicecoaster: Lane 2 7 Pit-a-Pat
24%
Formula of Love: O+T=<3 11 PUSH & PULL (JIHYO, SANA, DAHYUN)
24%
Formula of Love: O+T=<3 9 REWIND
24%
With You-th 3 RUSH
24%
What is Love? 5 SAY YES
24%
Summer Nights 8 SAY YES
24%
Taste of Love 6 SOS
24%
Summer Nights 9 STUCK
24%
YES or YES 5 SUNSET
24%
The year of "YES" 7 SUNSET
24%
Twicetagram 12 You In My Heart
24%
Merry & Happy 14 You In My Heart
24%
Eyes Wide Open 13 BEHIND THE MASK
22%
READY TO BE 6 CRAZY STUPID LOVE
22%
What is Love? 4 DEJAVU
22%
Summer Nights 7 DEJAVU
22%
Twicetagram 11 Don't Give Up
22%
Merry & Happy 13 Don't Give Up
22%
Feel Special 3 GET LOUD
22%
Eyes Wide Open 10 HANDLE IT
22%
Twicecoaster: Lane 2 2 Ice Cream
22%
YES or YES 3 LALALA
22%
The year of "YES" 5 LALALA
22%
STRATEGY 3 Like It Like It
22%
SIGNAL 3 ONLY YOU
22%
Singles 2025 TAKEDOWN pour KPop Demon Hunter
22%
With You-th 6 YOU GET ME
22%
YES or YES 4 YOUNG & WILD
22%
The year of "YES" 6 YOUNG & WILD
22%
BDZ 9 Be as ONE
20%
The year of "YES" 2 Be as ONE
20%
BDZ (Repackage) 10 Be as ONE
20%
BETWEEN 1 & 2 5 Brave
20%
Summer Nights 2 CHILLAX
20%
Taste of Love 4 Conversation
20%
Twicetagram 5 Ffw
20%
Merry & Happy 7 Ffw
20%
&TWICE 5 HAPPY HAPPY
20%
&TWICE (Repackage) 6 HAPPY HAPPY
20%
BDZ 10 I WANT YOU BACK
20%
BDZ (Repackage) 11 I WANT YOU BACK
20%
Twicetagram 10 Love Line
20%
Merry & Happy 12 Love Line
20%
STRATEGY 6 Magical
20%
With You-th 4 NEW NEW
20%
SIGNAL 6 SOMEONE LIKE ME
20%
FANCY YOU 2 STUCK IN MY HEAD
20%
MORE & MORE 7 SWEET SUMMER DAY
20%
Singles 2024 The wish
20%
FANCY YOU 5 TURN IT UP
20%
BDZ 7 Wake Me Up
20%
BDZ (Repackage) 8 Wake Me Up
20%
BETWEEN 1 & 2 7 When We Were Kids
20%
Twicetagram 4 Wow
20%
Merry & Happy 6 Wow
20%
YES or YES 6 AFTER MOON
17%
The year of "YES" 8 AFTER MOON
17%
Eyes Wide Open 5 BRING IT BACK
17%
Eyes Wide Open 11 DEPEND ON YOU
17%
Twicetagram 6 Ding Dong
17%
Merry & Happy 8 Ding Dong
17%
MORE & MORE 6 DON'T CALL ME AGAIN
17%
STRATEGY 2 Kiss My Troubles Away
17%
MORE & MORE 5 SHADOW
17%
BETWEEN 1 & 2 4 Trouble
17%
BDZ 5 Wishing
17%
BDZ (Repackage) 6 Wishing
17%
&TWICE 7 Be OK
15%
&TWICE (Repackage) 8 Be OK
15%
Hare Hare 2 Catch a Wave
15%
Hare Hare 4 Catch a Wave (Instrumental)
15%
Eyes Wide Open 4 DO WHAT WE LIKE
15%
Formula of Love: O+T=<3 6 F.I.L.A (Fall In Love Again)
15%
DIVE 7 Peach Soda
15%
&TWICE 8 POLISH
15%
&TWICE (Repackage) 9 POLISH
15%
YES or YES 2 SAY YOU LOVE ME
15%
The year of "YES" 4 SAY YOU LOVE ME
15%
Eyes Wide Open 9 SHOT CLOCK
15%
Summer Nights 3 Shot thru the heart
15%
&TWICE (Repackage) 1 SWING
15%
Perfect Love 9 Thank You, Family
15%
&TWICE 10 The Reason Why
15%
&TWICE (Repackage) 11 The Reason Why
15%
READY TO BE 4 BLAME IT ON ME
12%
&TWICE 4 Changing!
12%
&TWICE (Repackage) 5 Changing!
12%
Perfect Love 3 Good At Love
12%
DIVE 6 Inside of me
12%
BDZ 6 Say it again
12%
BDZ (Repackage) 7 Say it again
12%
Singles 2020 Scorpion
12%
BDZ (Repackage) 1 STAY BY MY SIDE
12%
&TWICE 2 Stronger
12%
&TWICE (Repackage) 3 Stronger
12%
Collaborations 2025 superstars de Swaeetie
12%
&TWICE 6 What You Waiting For
12%
&TWICE (Repackage) 7 What You Waiting For
12%
DIVE 1 Beyond the Horizon
10%
DIVE 9 Dance Again
10%
Perfect Love 6 Four-leaf Clover
10%
READY TO BE 3 GOT THE THRILLS
10%
DIVE 5 Here I am
10%
&TWICE 9 How u doin'
10%
&TWICE (Repackage) 10 How u doin'
10%
STRATEGY 5 Keeper
10%
DIVE 3 Ocean Deep
10%
Singles 2018 Pink Lemonade
10%
Perfect Love 10 PROMISE
10%
Singles 2021 Strawberry Moon
10%
Doughnut 2 Wonderful Day
10%
Doughnut 4 Wonderful Day (Instrumental)
10%
Perfect Love 7 In The Summer
7%
Singles 2017 LUV ME
7%
Celebrate 7 Sandcastle
7%
STRATEGY 4 Sweetest Obsession
7%
Celebrate 3 TICK TOCK
7%
Celebrate 2 Voices of Delight
7%
Celebrate 6 Bitter Sweet
5%
DIVE 8 Echoes of heart
5%
Celebrate 4 Flow like waves
5%
SIGNAL 4 HOLD ON TIGHT
5%
Collaborations 2020 I'll Show You de K/DA (feat. Bekuh Boom et Annika Wells)
5%
Singles 2021 I love you more than anyone pour HOPITAL PLAYLIST
5%
Celebrate 8 Just be yourself
5%
Perfect Love 8 PIECES OF LOVE
5%
Celebrate 5 That's all I'm saying
5%
The year of "YES" 1 The Best Things I Ever Did
5%
Twicecoaster: Lane 1 1 IT
2%
DIVE 4 LOVE WARNING
2%
Formula of Love: O+T=<3 5 REAL ME
2%
Collaborations 2025 WE PRAY de Coldplay (feat. Burna Boy, Elyanna, TINI et Little Smiz)
2%
Aucun quiz correspondant
Distribution des résultats
% des personnes avec chaque résultat
Percentile par nombre de réponses
Votre historique - résultats
Vous n’avez pas pris ce quiz depuis la dernière actualisation